| 000 -LEADER |
| fixed length control field |
00640 a2200217 4500 |
| 003 - CONTROL NUMBER IDENTIFIER |
| control field |
OSt |
| 005 - DATE AND TIME OF LATEST TRANSACTION |
| control field |
20250129170850.0 |
| 008 - FIXED-LENGTH DATA ELEMENTS--GENERAL INFORMATION |
| fixed length control field |
250129b ||||| |||| 00| 0 eng d |
| 020 ## - INTERNATIONAL STANDARD BOOK NUMBER |
| International Standard Book Number |
9789384204228 |
| 040 ## - CATALOGING SOURCE |
| Original cataloging agency |
BMSCA |
| 041 ## - LANGUAGE CODE |
| Language code of text/sound track or separate title |
eng |
| 082 ## - DEWEY DECIMAL CLASSIFICATION NUMBER |
| Edition number |
23 |
| Classification number |
720.288 |
| Item number |
DES |
| 110 ## - MAIN ENTRY--CORPORATE NAME |
| Corporate name or jurisdiction name as entry element |
MKSSS's Dr. Bhanuben Nanavati College of Architecture For WomenBNCA Campus, Karve Nagar,Pune |
| 245 ## - TITLE STATEMENT |
| Title |
Documenting heritage awards 2022 |
| 260 ## - PUBLICATION, DISTRIBUTION, ETC. (IMPRINT) |
| Place of publication, distribution, etc |
New Delhi |
| Name of publisher, distributor, etc |
Council of Architecture (COA) |
| Date of publication, distribution, etc |
2023 |
| 300 ## - PHYSICAL DESCRIPTION |
| Extent |
99 pages |
| Other physical details |
color |
| Dimensions |
20 cm |
| 700 ## - ADDED ENTRY--PERSONAL NAME |
| Personal name |
Deshpande, Jayashree |
| 700 ## - ADDED ENTRY--PERSONAL NAME |
| Personal name |
Kashyap, Anurag |
| 700 ## - ADDED ENTRY--PERSONAL NAME |
| Personal name |
Latkar, Vaishali |
| 942 ## - ADDED ENTRY ELEMENTS (KOHA) |
| Source of classification or shelving scheme |
|